Banderas de países con cinco estrellas - Estadísticas

Estadísticas generales
  • Esta prueba ha sido intentada 36 veces
  • La puntuación promedio es 7 de 7
Estadísticas de respuestas
Imagen Respuesta % Correcto
China
100%
Honduras
100%
Singapur
94%
Turkmenistán
94%
Papúa Nueva Guinea
91%
Samoa
88%
Islas Salomón
82%
No se encontraron pruebas coincidentes
Distribución de puntuación
Porcentaje de gente con cada puntuación
Porcentaje por número respondido
Historial de tus puntuaciones
No has intentado esta prueba.